[Event "Las Palmas Centro Goya op"]
[Site "Las Palmas"]
[Date "2014.12.03"]
[Round "3"]
[White "Aleman Alamo, Nicolas"]
[Black "Roque Hernandez, Francisco"]
[Result "1-0"]
[WhiteElo "1509"]
[BlackElo "1421"]
[PlyCount "49"]
[EventDate "2014.12.01"]
[EventType "swiss"]
[EventRounds "9"]
[EventCountry "ESP"]
[SourceTitle "CBM 163 Extra"]
[Source "ChessBase"]
[SourceDate "2014.12.23"]
[SourceVersion "1"]
[SourceVersionDate "2014.12.23"]
[SourceQuality "1"]

1. d4 Nf6 2. c4 e6 3. Nf3 Bb4+ 4. Bd2 Bxd2+ 5. Qxd2 0-0 6. Nc3 d5 7. e3 Nbd7 8. Bd3 b6 9. 0-0 dxc4 10. Bxc4 Bb7 11. Be2 Rc8 12. Rac1 c5 13. Rfd1 Qe7 14. Qe1 cxd4 15. Nxd4 a6 16. Bf3 Bxf3 17. Nxf3 b5 18. Nd4 Rc5 19. Nb3 Rc7 20. Nd2 Rfc8 21. Nce4 h6 22. Rxc7 Rxc7 23. Rc1 Nxe4 24. Rxc7 Qb4 25. Rxd7 1-0

[Event "Gran Canaria Santa Lucia op 2nd"]
[Site "Gran Canaria"]
[Date "2014.08.18"]
[Round "7"]
[White "Hernandez Guerra, Luna Yue"]
[Black "Aleman Alamo, Nicolas"]
[Result "1-0"]
[WhiteElo "1293"]
[BlackElo "1518"]
[PlyCount "83"]
[EventDate "2014.08.14"]
[EventType "swiss"]
[EventRounds "9"]
[EventCountry "ESP"]
[SourceTitle "EXT 2015"]
[Source "ChessBase"]
[SourceDate "2014.11.20"]
[SourceVersion "1"]
[SourceVersionDate "2014.11.20"]
[SourceQuality "1"]

1. e4 e6 2. d4 d5 3. Nd2 Nf6 4. e5 Nfd7 5. Bd3 c5 6. c3 Nc6 7. Ne2 cxd4 8. cxd4 Be7 9. 0-0 b6 10. Nf3 Bb7 11. Nf4 Rc8 12. Nh5 Bf8 13. Bd2 h6 14. h3 Ne7 15. Nh2 g6 16. Nf6+ Nxf6 17. exf6 Nc6 18. Re1 Qxf6 19. Bc3 h5 20. Bb5 Bd6 21. Nf3 0-0 22. Qd2 Bf4 23. Qd3 Kg7 24. Ne5 Nxe5 25. dxe5 Qf5 26. Qd4 h4 27. Bd2 Bxd2 28. Qxd2 Qh5 29. Qe3 Rc5 30. Be2 Qh6 31. Qf3 g5 32. Rac1 Rfc8 33. Rxc5 Rxc5 34. Qg4 Bc8 35. f4 f5 36. exf6+ Qxf6 37. fxg5 Qxb2 38. Qxh4 Kg8 39. g6 Qg7 40. Bd3 Bd7 41. Qd8+ Qf8 42. Qxd7 1-0

[Event "Las Palmas Ciudad 1st"]
[Site "Las Palmas"]
[Date "2014.07.09"]
[Round "6"]
[White "Biscarri Candalia, Oscar"]
[Black "Aleman Alamo, Nicolas"]
[Result "1/2-1/2"]
[WhiteElo "1513"]
[BlackElo "1525"]
[PlyCount "116"]
[EventDate "2014.07.05"]
[EventType "swiss"]
[EventRounds "7"]
[EventCountry "ESP"]
[SourceTitle "EXT 2016"]
[Source "ChessBase"]
[SourceDate "2015.10.08"]
[SourceVersion "1"]
[SourceVersionDate "2015.10.08"]
[SourceQuality "1"]

1. d4 e6 2. c4 Nf6 3. Nc3 d5 4. Bg5 Be7 5. e3 c6 6. Nf3 h6 7. Bh4 Nbd7 8. Qc2 0-0 9. Rd1 Re8 10. Bd3 b6 11. cxd5 cxd5 12. 0-0 Bb7 13. Rc1 Rc8 14. Qa4 Bc6 15. Bb5 Bxb5 16. Nxb5 a5 17. Bg3 Nb8 18. Rxc8 Qxc8 19. Bxb8 Qxb8 20. Rc1 Rc8 21. Nc3 Rc4 22. Qb3 b5 23. a3 b4 24. Nd2 Rc7 25. Ne2 Qc8 26. Rxc7 Qxc7 27. axb4 axb4 28. Qd1 Nd7 29. b3 Nb8 30. Qc1 Qb7 31. Nf4 Nc6 32. Nd3 Qb5 33. Qc2 g6 34. g3 Kg7 35. Kg2 h5 36. h4 Bd6 37. Nf3 Ne7 38. Nfe5 f6 39. Nf3 Nf5 40. Nc5 Kf7 41. Qd3 Qc6 42. Qc2 Qc7 43. Qc1 Bxg3 44. Nd3 Qxc1 45. Nxc1 Bxh4 46. Nd3 g5 47. Nxb4 g4 48. Nxh4 Nxh4+ 49. Kf1 Nf5 50. Nd3 e5 51. dxe5 fxe5 52. Nxe5+ Ke6 53. Nd3 h4 54. Nf4+ Ke5 55. b4 g3 56. b5 Ke4 57. b6 Nd6 58. Ke2 gxf2 1/2-1/2

[Event "Gran Canaria Dominguez Memoral 1st"]
[Site "Gran Canaria"]
[Date "2014.03.17"]
[Round "1"]
[White "Aleman Alamo, Nicolas"]
[Black "Perez Rosales, Pedro"]
[Result "0-1"]
[WhiteElo "1535"]
[BlackElo "2099"]
[PlyCount "62"]
[EventDate "2014.03.17"]
[EventType "swiss"]
[EventRounds "7"]
[EventCountry "ESP"]
[SourceTitle "EXT 2015"]
[Source "ChessBase"]
[SourceDate "2014.11.20"]
[SourceVersion "1"]
[SourceVersionDate "2014.11.20"]
[SourceQuality "1"]

1. d4 Nf6 2. Nf3 g6 3. c4 Bg7 4. Nc3 0-0 5. Bf4 d6 6. h3 c5 7. d5 Qa5 8. Nd2 b5 9. Nxb5 Nxd5 10. cxd5 Qxb5 11. Qb3 Qxb3 12. axb3 Bxb2 13. Ra2 Bc3 14. e4 f5 15. Bh6 Re8 16. f3 fxe4 17. fxe4 Nd7 18. Bb5 Rb8 19. Bc4 Ne5 20. 0-0 a5 21. Nf3 Nxc4 22. bxc4 Bd7 23. Kh1 a4 24. Raf2 a3 25. Ra2 Bb2 26. Nd2 Ba4 27. Rf3 Bd1 28. Rf1 Bb3 29. Nxb3 Rxb3 30. Bc1 Rf8 31. Rxf8+ Kxf8 0-1

[Event "Las Palmas op 34th"]
[Site "Las Palmas"]
[Date "2013.12.04"]
[Round "3"]
[White "Aleman Alamo, Nicolas"]
[Black "Aguilera Suarez, Antonio"]
[Result "0-1"]
[WhiteElo "1537"]
[BlackElo "1799"]
[PlyCount "62"]
[EventDate "2013.12.02"]
[EventType "swiss"]
[EventRounds "9"]
[EventCountry "ESP"]
[SourceTitle "CBM 157 Extra"]
[Source "ChessBase"]
[SourceDate "2013.12.19"]
[SourceVersion "1"]
[SourceVersionDate "2013.12.19"]
[SourceQuality "1"]

1. d4 Nf6 2. Nf3 d5 3. c4 c6 4. Nc3 g6 5. Bf4 Bg7 6. e3 Bg4 7. h3 Bxf3 8. Qxf3 0-0 9. Bd3 dxc4 10. Bxc4 Nbd7 11. 0-0 Nh5 12. Bh2 e5 13. d5 Nb6 14. Bb3 cxd5 15. Nxd5 Nxd5 16. Rad1 e4 17. Qe2 Nhf6 18. Be5 Qe7 19. Bh2 Rfd8 20. Rd2 Nb4 21. Rfd1 Rxd2 22. Rxd2 Nd3 23. Rc2 Ne8 24. Bc4 Rd8 25. Rd2 Qc5 26. Rc2 Qb4 27. Bb3 a5 28. Rc4 Qe7 29. Qg4 h5 30. Qxe4 Qxe4 31. Rxe4 Nc5 0-1

[Event "Las Palmas Montalvo Memorial 6th"]
[Site "Las Palmas"]
[Date "2013.03.31"]
[Round "9"]
[White "Aleman Alamo, Nicolas"]
[Black "Garcia Cruz, Jose Manuel"]
[Result "0-1"]
[WhiteElo "1558"]
[BlackElo "1368"]
[PlyCount "84"]
[EventDate "2013.03.25"]
[EventType "swiss"]
[EventRounds "9"]
[EventCountry "ESP"]
[SourceTitle "EXT 2014"]
[Source "ChessBase"]
[SourceDate "2013.11.20"]
[SourceVersion "1"]
[SourceVersionDate "2013.11.20"]
[SourceQuality "1"]

1. d4 Nf6 2. c4 e6 3. Nc3 d5 4. Nf3 b6 5. Bg5 Bb7 6. e3 Be7 7. Qb3 0-0 8. Bxf6 Bxf6 9. cxd5 exd5 10. Rc1 c6 11. Be2 Re8 12. 0-0 Qd6 13. Na4 Nd7 14. Rc2 Rab8 15. Rfc1 Rec8 16. Nc3 Ba8 17. a3 b5 18. Nxd5 Bd8 19. Nb4 c5 20. dxc5 Nxc5 21. Qa2 a5 22. Rd1 Qg6 23. Rcd2 axb4 24. axb4 Ne4 25. Bd3 Qf6 26. Bxe4 Bxe4 27. Rd6 Qf5 28. Rd7 Qxd7 29. Qb3 Bxf3 30. gxf3 Qe6 31. Qd3 Qg6+ 32. Kf1 Qxd3+ 33. Rxd3 Be7 34. Rd4 Rd8 35. Re4 Rd7 36. Re5 Bxb4 37. Kg2 Kf8 38. Re4 Bd2 39. b3 Rd3 40. b4 Rb3 41. Rd4 Bxb4 42. Rd5 Be7 0-1

[Event "ESP-ch 77th"]
[Site "San Agustin"]
[Date "2012.10.06"]
[Round "8"]
[White "Lopez Rivera, Jesus"]
[Black "Aleman Alamo, Nicolas"]
[Result "0-1"]
[WhiteElo "1839"]
[BlackElo "1549"]
[PlyCount "74"]
[EventDate "2012.09.29"]
[EventType "swiss"]
[EventRounds "9"]
[EventCountry "ESP"]
[SourceTitle "EXT 2014"]
[Source "ChessBase"]
[SourceDate "2013.11.20"]
[SourceVersion "1"]
[SourceVersionDate "2013.11.20"]
[SourceQuality "1"]

1. e4 e6 2. d4 d5 3. Nc3 Bb4 4. exd5 exd5 5. Bd3 Bxc3+ 6. bxc3 Nf6 7. Ba3 Be6 8. Qe2 Nc6 9. Rb1 Rb8 10. f4 Ne7 11. Nf3 Bg4 12. 0-0 Bxf3 13. Rxf3 Kd7 14. Re3 Re8 15. g4 g6 16. g5 Nf5 17. Bxf5+ gxf5 18. gxf6 Qxf6 19. Re1 Re4 20. Rxe4 fxe4 21. Qg4+ Qe6 22. Qxe6+ Kxe6 23. Kf2 Rg8 24. Rg1 e3+ 25. Kxe3 Rxg1 26. Kf3 Kf5 27. Bc5 b6 28. Be7 Rf1+ 29. Kg3 Rxf4 30. Bd8 c6 31. Bc7 Re4 32. Bb8 a6 33. Bc7 b5 34. Kf3 Re1 35. Bg3 Ra1 36. Ke2 Rxa2 37. Kd2 Ra1 0-1

[Event "ESP-ch 77th"]
[Site "San Agustin"]
[Date "2012.10.02"]
[Round "4"]
[White "Buet, Samuel"]
[Black "Aleman Alamo, Nicolas"]
[Result "1-0"]
[WhiteElo "1845"]
[BlackElo "1549"]
[PlyCount "97"]
[EventDate "2012.09.29"]
[EventType "swiss"]
[EventRounds "9"]
[EventCountry "ESP"]
[SourceTitle "EXT 2014"]
[Source "ChessBase"]
[SourceDate "2013.11.20"]
[SourceVersion "1"]
[SourceVersionDate "2013.11.20"]
[SourceQuality "1"]

1. c4 Nf6 2. g3 e6 3. Bg2 c6 4. Nf3 d6 5. Nc3 Be7 6. 0-0 Nbd7 7. d4 0-0 8. e4 e5 9. d5 Re8 10. Nh4 Nf8 11. h3 h6 12. Nf5 Bxf5 13. exf5 N8h7 14. b4 Qd7 15. Kh2 Rac8 16. g4 cxd5 17. Nxd5 Rxc4 18. Nxe7+ Qxe7 19. Qa4 b6 20. Rd1 Ng5 21. Bxg5 hxg5 22. Bd5 Rf4 23. Bc6 Rd8 24. Rd2 Ne4 25. Bxe4 Rxe4 26. Rad1 Rd4 27. Rxd4 exd4 28. Qc2 Qe5+ 29. Kg1 d5 30. Qd2 Qf4 31. Qxf4 gxf4 32. Rxd4 Kf8 33. Rxf4 d4 34. Kf1 d3 35. Ke1 Re8+ 36. Kd1 Re2 37. a4 Ra2 38. b5 Rc2 39. g5 Ra2 40. h4 Rc2 41. f3 Ra2 42. Rc4 Re2 43. Rc8+ Re8 44. Rxe8+ Kxe8 45. Kd2 Ke7 46. Kxd3 Kd6 47. Kd4 f6 48. g6 Kc7 49. Kd5 1-0

[Event "Arucas op 8th"]
[Site "Arucas"]
[Date "2012.06.23"]
[Round "6"]
[White "Aleman Alamo, Nicolas"]
[Black "Rodriguez Muela, Juan Argelio"]
[Result "0-1"]
[WhiteElo "1568"]
[BlackElo "1573"]
[PlyCount "58"]
[EventDate "2012.06.18"]
[EventType "swiss"]
[EventRounds "6"]
[EventCountry "ESP"]
[SourceTitle "CBM 149 Extra"]
[Source "ChessBase"]
[SourceDate "2012.08.24"]
[SourceVersion "1"]
[SourceVersionDate "2012.08.24"]
[SourceQuality "1"]

1. d4 d5 2. c4 e6 3. Nc3 Nf6 4. Nf3 Be7 5. e3 0-0 6. Be2 c5 7. cxd5 Nxd5 8. Nxd5 Qxd5 9. Qc2 cxd4 10. e4 Bb4+ 11. Bd2 Bxd2+ 12. Nxd2 Qa5 13. 0-0 Nc6 14. a3 e5 15. b4 Qd8 16. Rac1 Be6 17. Bc4 Bxc4 18. Qxc4 Rc8 19. Qb3 Kh8 20. Rc5 Qg5 21. Nf3 Qf4 22. Qd3 f6 23. g3 Qg4 24. Kg2 b6 25. Rc2 Ne7 26. Rfc1 Ng6 27. h3 Nf4+ 28. Kf1 Qxh3+ 29. Ke1 Nxd3+ 0-1

[Event "Arucas op 8th"]
[Site "Arucas"]
[Date "2012.06.20"]
[Round "3"]
[White "Perera Ramirez, Manuel"]
[Black "Aleman Alamo, Nicolas"]
[Result "1-0"]
[WhiteElo "1713"]
[BlackElo "1568"]
[PlyCount "93"]
[EventDate "2012.06.18"]
[EventType "swiss"]
[EventRounds "6"]
[EventCountry "ESP"]
[SourceTitle "CBM 149 Extra"]
[Source "ChessBase"]
[SourceDate "2012.08.24"]
[SourceVersion "1"]
[SourceVersionDate "2012.08.24"]
[SourceQuality "1"]

1. d4 e6 2. c4 Nf6 3. Nf3 d5 4. Bg5 h6 5. Bh4 Be7 6. e3 Nbd7 7. Nc3 0-0 8. Rc1 c6 9. c5 Ne4 10. Bxe7 Qxe7 11. Bd3 e5 12. Bxe4 dxe4 13. Nxe4 exd4 14. Qxd4 Re8 15. Nd6 Rd8 16. 0-0 Nf6 17. Ne5 Be6 18. a3 Rab8 19. h3 Ne8 20. Rfd1 Qg5 21. Kh2 Bd5 22. e4 Be6 23. Rc3 Qe7 24. Rg3 Nf6 25. f4 Nh5 26. Rf3 f5 27. exf5 Bd5 28. Ng6 Qf6 29. Qxf6 Nxf6 30. Re3 Kh7 31. Re7 Rd7 32. Rde1 h5 33. b4 Rxe7 34. Rxe7 Ng8 35. Rxb7 Rxb7 36. Nxb7 Be4 37. Nd6 Bd5 38. g4 hxg4 39. hxg4 Nf6 40. g5 Ne4 41. Nxe4 Bxe4 42. Ne7 Kh8 43. Kg3 Bh1 44. g6 Be4 45. Kg4 Bh1 46. Kg5 Bg2 47. f6 1-0

[Event "Gran Canaria Santana Memorial 1st"]
[Site "Gran Canaria"]
[Date "2012.02.19"]
[Round "7"]
[White "Aleman Alamo, Nicolas"]
[Black "Schlittermann, Wolfgang"]
[Result "0-1"]
[WhiteElo "1597"]
[BlackElo "1762"]
[PlyCount "88"]
[EventDate "2012.02.13"]
[EventType "swiss"]
[EventRounds "7"]
[EventCountry "ESP"]
[SourceTitle "CBM 146 Extra"]
[Source "ChessBase"]
[SourceDate "2012.02.29"]
[SourceVersion "1"]
[SourceVersionDate "2012.02.29"]
[SourceQuality "1"]

1. d4 Nf6 2. c4 e6 3. Nc3 Bb4 4. Qc2 c5 5. dxc5 Bxc5 6. Nf3 h6 7. a3 b6 8. Bf4 Bb7 9. b4 Be7 10. Nd2 Nc6 11. e3 d5 12. cxd5 Nxd5 13. Nxd5 Qxd5 14. Nf3 Rc8 15. Rd1 Nxb4 16. Qxc8+ Bxc8 17. Rxd5 Nxd5 18. Bb5+ Bd7 19. Bxd7+ Kxd7 20. Ne5+ Ke8 21. Nc6 Bxa3 22. Nxa7 Nxf4 23. exf4 Ke7 24. Ke2 Ra8 25. Nb5 Bc5 26. Nc3 Ra5 27. Rc1 Bd4 28. Ne4 Ra2+ 29. Ke1 Ra1 30. Rxa1 Bxa1 31. Kd2 f5 32. Ng3 b5 33. Ne2 b4 34. Kc2 Kd6 35. Kb1 Bf6 36. Kc2 Kc5 37. Kb3 Be7 38. Nc1 Kd4 39. Kc2 Ke4 40. Ne2 Bc5 41. f3+ Ke3 42. Nc1 Bd6 43. g3 Kxf3 44. Nd3 Kg2 0-1

[Event "Las Palmas Cabildo sf"]
[Site "Las Palmas"]
[Date "2012.02.02"]
[Round "6"]
[White "Sanchez Montesdeoca, Isaac"]
[Black "Aleman Alamo, Nicolas"]
[Result "1-0"]
[WhiteElo "1763"]
[BlackElo "1597"]
[PlyCount "79"]
[EventDate "2012.01.19"]
[EventType "swiss"]
[EventRounds "6"]
[EventCountry "ESP"]
[SourceTitle "EXT 2014"]
[Source "ChessBase"]
[SourceDate "2013.11.20"]
[SourceVersion "1"]
[SourceVersionDate "2013.11.20"]
[SourceQuality "1"]

1. e4 e6 2. d4 d5 3. e5 c5 4. c3 Nc6 5. Nf3 cxd4 6. cxd4 Bb4+ 7. Bd2 Nge7 8. Bxb4 Nxb4 9. Qa4+ Nbc6 10. Nc3 Bd7 11. Qc2 a6 12. Be2 Rc8 13. Qd2 0-0 14. h4 h6 15. g4 f6 16. g5 fxe5 17. gxh6 g6 18. Rg1 Rf5 19. h5 Rxf3 20. Bxf3 exd4 21. Ne2 Ne5 22. Nxd4 Rc4 23. Be2 Qf8 24. Bxc4 Nxc4 25. Qc3 Qxh6 26. hxg6 Nxg6 27. Rd1 Kf7 28. Rd3 Nf4 29. Rdg3 Ke7 30. Qb4+ Nd6 31. Rg7+ Kf6 32. Qd2 e5 33. R1g6+ Qxg6 34. Rxg6+ Kxg6 35. Qc2+ Bf5 36. Nxf5 Nxf5 37. Qc7 Nd3+ 38. Kf1 b5 39. Qc6+ Kg5 40. Qxd5 1-0

[Event "Las Palmas op 32nd"]
[Site "Las Palmas"]
[Date "2011.12.02"]
[Round "1"]
[White "Aleman Alamo, Nicolas"]
[Black "Trujillo Alvarado, Ivan"]
[Result "0-1"]
[WhiteElo "1632"]
[BlackElo "2176"]
[PlyCount "36"]
[EventDate "2011.12.02"]
[EventType "swiss"]
[EventRounds "9"]
[EventCountry "ESP"]
[SourceTitle "CBM 145 Extra"]
[Source "ChessBase"]
[SourceDate "2012.01.03"]
[SourceVersion "1"]
[SourceVersionDate "2012.01.03"]
[SourceQuality "1"]

1. d4 Nf6 2. c4 g6 3. Nc3 Bg7 4. Nf3 0-0 5. Bf4 d6 6. e3 Nbd7 7. Be2 c5 8. h3 cxd4 9. exd4 Nb6 10. 0-0 Bf5 11. Rc1 Qd7 12. g4 Be4 13. Nd2 e5 14. dxe5 dxe5 15. Bxe5 Bc6 16. Bf4 Rad8 17. Qc2 h5 18. f3 Qd4+ 0-1

[Event "Gran Canaria Mendoz Memorial 3rd"]
[Site "Gran Canaria"]
[Date "2011.11.02"]
[Round "4"]
[White "Aleman Alamo, Nicolas"]
[Black "Moreno Ramos, Aristides"]
[Result "0-1"]
[WhiteElo "1632"]
[BlackElo "1674"]
[PlyCount "68"]
[EventDate "2011.10.29"]
[EventType "swiss"]
[EventRounds "7"]
[EventCountry "ESP"]
[SourceTitle "EXT 2012"]
[Source "ChessBase"]
[SourceDate "2011.11.24"]
[SourceVersion "1"]
[SourceVersionDate "2011.11.24"]
[SourceQuality "1"]

1. d4 d5 2. c4 e6 3. Nc3 Nf6 4. Nf3 c6 5. Bg5 Nbd7 6. e3 Qa5 7. a3 Ne4 8. Qb3 Nxg5 9. cxd5 Nxf3+ 10. gxf3 exd5 11. Bh3 Qc7 12. f4 Nf6 13. Bg2 Bf5 14. 0-0 Rb8 15. Rac1 Qd7 16. Rfe1 Be7 17. f3 0-0 18. Qd1 Rfe8 19. Ne2 Bd6 20. Ng3 Bh3 21. Bh1 b6 22. Rc2 c5 23. Bg2 cxd4 24. Qxd4 Bc5 25. Qd3 a5 26. Bxh3 Qxh3 27. Rg2 Qe6 28. Nf5 g6 29. Nd4 Bxd4 30. Qxd4 Rbc8 31. Rg5 Rc4 32. Qd3 Rxf4 33. Qf1 Rf5 34. Rg4 Nxg4 0-1

[Event "Gran Canaria Mendoz Memorial 3rd"]
[Site "Gran Canaria"]
[Date "2011.10.30"]
[Round "2"]
[White "Aleman Alamo, Nicolas"]
[Black "Cruz Pino, Adrian"]
[Result "0-1"]
[WhiteElo "1632"]
[BlackElo "1960"]
[PlyCount "96"]
[EventDate "2011.10.29"]
[EventType "swiss"]
[EventRounds "7"]
[EventCountry "ESP"]
[SourceTitle "EXT 2012"]
[Source "ChessBase"]
[SourceDate "2011.11.24"]
[SourceVersion "1"]
[SourceVersionDate "2011.11.24"]
[SourceQuality "1"]

1. d4 f5 2. c4 Nf6 3. Nf3 e6 4. Bf4 d6 5. Nc3 Be7 6. h3 0-0 7. e3 b6 8. Be2 Bb7 9. 0-0 Ne4 10. d5 Nxc3 11. bxc3 e5 12. Bh2 Nd7 13. Nd2 Nc5 14. f3 Qe8 15. Nb3 Nxb3 16. axb3 a5 17. b4 axb4 18. cxb4 Bf6 19. e4 f4 20. Kh1 Qh5 21. Bg1 Bh4 22. Bf2 Bg3 23. Rxa8 Rxa8 24. Bxg3 fxg3 25. f4 Qh4 26. Qd2 exf4 27. Qxf4 Qxf4 28. Rxf4 Ra1+ 29. Rf1 Rxf1+ 30. Bxf1 Kf7 31. Bd3 Kf6 32. Kg1 Ke5 33. Kf1 Kd4 34. Ke2 Bc8 35. c5 bxc5 36. bxc5 h5 37. cxd6 cxd6 38. Bb1 g5 39. Kf3 h4 40. Bc2 Ke5 41. Ba4 Ba6 42. Bc2 Bb5 43. Ke3 Bd7 44. Bd1 Be8 45. Bf3 Bg6 46. Kd3 Kf4 47. Kd4 g4 48. hxg4 h3 0-1

[Event "Las Palmas-ch"]
[Site "Las Palmas"]
[Date "2011.07.27"]
[Round "5"]
[White "Medina Suarez, Jose Roman"]
[Black "Aleman Alamo, Nicolas"]
[Result "1-0"]
[WhiteElo "1270"]
[BlackElo "1385"]
[PlyCount "99"]
[EventDate "2011.07.18"]
[EventType "swiss"]
[EventRounds "5"]
[EventCountry "ESP"]
[SourceTitle "EXT 2024"]
[Source "ChessBase"]
[SourceDate "2023.10.10"]
[SourceVersion "1"]
[SourceVersionDate "2023.10.10"]
[SourceQuality "1"]

1. e4 e6 2. c4 c5 3. Nc3 Nc6 4. Nf3 d6 5. d3 Be7 6. Be2 Nf6 7. 0-0 0-0 8. Bg5 h6 9. Bh4 Re8 10. h3 Nh5 11. Bxe7 Qxe7 12. Qd2 Nf6 13. Nh2 Nd4 14. Bd1 Bd7 15. Nf3 Bc6 16. Nxd4 cxd4 17. Ne2 e5 18. f4 Bd7 19. f5 Kh7 20. Ng3 Ng8 21. Qf2 Qg5 22. Bh5 Rf8 23. Bg4 Nf6 24. Be2 Ng8 25. a4 Rae8 26. b4 g6 27. b5 b6 28. a5 bxa5 29. Rxa5 Ra8 30. Kh2 h5 31. f6 Rfe8 32. Ra6 Re6 33. Qe1 Bc8 34. Rc6 Rxf6 35. Rxf6 Qxf6 36. Qb4 Qe7 37. Qxd6 Qxd6 38. Rxd6 Be6 39. Nf1 Nf6 40. Nd2 Nd7 41. Nb3 Kh6 42. h4 Kg7 43. Rc6 Nf6 44. Nc5 Bg4 45. Bxg4 Nxg4+ 46. Kg1 Re8 47. Rc7 Kf8 48. Rxa7 Ne3 49. b6 Rb8 50. b7 1-0